| 000 | 01935nac a22003131u 4500 | ||
|---|---|---|---|
| 010 | _a 2005031177 | ||
| 020 | _a0415353548 (pbk.) | ||
| 020 | _a041535353X (hardback) | ||
| 020 | _a0415353548 : | ||
| 035 | _a(DLC)2005031177 | ||
| 035 | _a(DLC)518 | ||
| 082 | 0 | 0 |
_a341.584 _bMAC |
| 090 |
_c8325 _d8325 |
||
| 100 | _aMacQueen, Norrie, | ||
| 245 | 1 | 0 |
_aPeacekeeping and the international system / _cNorrie MacQueen. |
| 260 |
_aMilton Park, Abingdon, Oxon ; _aNew York : _bRoutledge,2006. _c2006. |
||
| 300 |
_axiv, 286 p. _c23 cm. |
||
| 500 | _aDistributer: Al-Ahram | ||
| 504 | _aIncludes bibliographical references and index | ||
| 505 | 0 | _aThe dimensions of international peacekeeping -- Peacekeeping before the UN : the inter-war years -- Collective security revived : the formation of the United Nations -- Peacekeeping resumed : from Palestine and Kashmir to Suez -- Peacekeeping as immunization : regional crises in the Cold War -- Peacekeeping and detente: the Middle East in the 1970s -- New horizons : peacekeeping and the end of the Cold War -- The break-up of Yugoslavia and the Soviet Union : peacekeeping and the end of the multinational state -- Africa I : decolonization and contested legitimacy -- Africa II : peacekeeping in stateless terrain -- Peacekeeping and the international system in the twenty-first century : looking back to look forward. | |
| 511 | _aCatalogued by: Sara | ||
| 610 | 2 | 0 |
_aUnited Nations _xPeacekeeping forces _xHistory. |
| 650 | 0 |
_aPeacekeeping forces _xHistory. |
|
| 650 | 0 |
_aInternational organization _xHistory. |
|
| 856 | 4 | 1 |
_3Table of contents only _uhttp://www.loc.gov/catdir/toc/ecip062/2005031177.html |
| 856 | 4 | 1 |
_3Publisher description _uhttp://www.loc.gov/catdir/enhancements/fy0654/2005031177-d.html |
| 942 |
_cBB _k341.584MAC |
||
| 999 |
_c8325 _d8325 |
||